[Event "BRA-ch sf-B"]
[Site "Fortaleza"]
[Date "2012.11.04"]
[Round "7"]
[White "Andrade, Roberto Luiz Costa"]
[Black "Dos Santos, Anderson Guerra"]
[Result "1-0"]
[WhiteElo "2152"]
[BlackElo "2058"]
[PlyCount "49"]
[EventDate "2012.11.01"]
[EventType "swiss"]
[EventRounds "8"]
[EventCountry "BRA"]
[SourceTitle "EXT 2013"]
[Source "ChessBase"]
[SourceDate "2012.11.22"]
[SourceVersion "1"]
[SourceVersionDate "2012.11.22"]
[SourceQuality "1"]

1. e4 c5 2. Nf3 d6 3. c3 Nf6 4. h3 Nc6 5. Bd3 g6 6. 0-0 Bg7 7. Re1 Qc7 8. Bf1 0-0 9. d4 cxd4 10. cxd4 Bd7 11. Nc3 a6 12. Bg5 e6 13. Rc1 Rac8 14. b4 Qb6 15. a3 Ne7 16. Qd2 Rfe8 17. e5 Nfd5 18. Ne4 Rxc1 19. Rxc1 Nc8 20. Bc4 dxe5 21. dxe5 Ba4 22. Bxd5 exd5 23. Nf6+ Bxf6 24. Bxf6 Ne7 25. g4 1-0

[Event "Baiano-ch"]
[Site "Salvador"]
[Date "2012.10.14"]
[Round "6.11"]
[White "Heubeck, Flavio"]
[Black "Dos Santos, Anderson Guerra"]
[Result "0-1"]
[WhiteElo "1682"]
[BlackElo "2089"]
[PlyCount "86"]
[EventDate "2012.10.11"]
[EventType "swiss"]
[EventRounds "7"]
[EventCountry "BRA"]
[SourceTitle "EXT 2022"]
[Source "ChessBase"]
[SourceDate "2021.10.06"]
[SourceVersion "1"]
[SourceVersionDate "2021.10.06"]
[SourceQuality "1"]

1. c4 Nf6 2. Nc3 g6 3. g3 Bg7 4. Bg2 0-0 5. d3 c6 6. Nf3 d5 7. e3 Bg4 8. Qb3 Na6 9. 0-0 Nc5 10. Qc2 Bf5 11. Ne1 dxc4 12. Ne4 cxd3 13. Nxf6+ Bxf6 14. Qxc5 d2 15. Bxd2 Qxd2 16. Nf3 Qxb2 17. Nd4 Bxd4 18. exd4 Rfd8 19. Qxe7 Rd7 20. Qg5 Rxd4 21. Rfe1 Rd2 22. Qf4 Re2 23. Qf3 Rae8 24. Rec1 Be4 25. Qc3 Rxf2 26. Qxb2 Rxb2 27. Bf1 Rd8 28. Re1 f5 29. a4 Rdd2 30. Rad1 Rxh2 31. Bc4+ Kg7 32. Rxe4 fxe4 33. Bf1 e3 34. Re1 e2 35. Bg2 Rxg2+ 36. Kxg2 b5 37. axb5 cxb5 38. Kf2 a5 39. g4 h6 40. Rg1 e1Q+ 41. Kxe1 Rb1+ 42. Kf2 Rxg1 43. Kxg1 Kf6 0-1